Crónica de la conquista del Perú / (Record no. 35068)

MARC details
000 -LEADER
campo de control de longitud fija 00668nam a2200193 i 4500
001 - NÚMERO DE CONTROL
campo de control 35068
003 - IDENTIFICADOR DE NÚMERO DE CONTROL
campo de control ES-MaACL
005 - FECHA Y HORA DE LA ÚLTIMA TRANSACCIÓN
campo de control 20230906155040.0
007 - CAMPO FIJO DE DESCRIPCIÓN FÍSICA--INFORMACIÓN GENERAL
campo de control de longitud fija t|
008 - DATOS DE LONGITUD FIJA--INFORMACIÓN GENERAL
campo de control de longitud fija 030211s1948 sp ||||1| spa d
100 1# - ENTRADA PRINCIPAL--NOMBRE DE PERSONA
Nombre de persona Borregan, Alonso.
9 (RLIN) 30569
245 10 - MENCIÓN DEL TÍTULO
Título Crónica de la conquista del Perú /
Mención de responsabilidad, etc. Alonso Borregan ; edición y prólogo de Rafael Loredo.
250 ## - MENCION DE EDICION
Mención de edición 1ª ed.
260 ## - PUBLICACIÓN, DISTRIBUCIÓN, ETC.
Lugar de publicación, distribución, etc. Sevilla :
Nombre del editor, distribuidor, etc. Consejo Superior de Investigaciones Científicas, Escuela de Estudios Hispano-Americanos de Sevilla,
Fecha de publicación, distribución, etc. 1948.
300 ## - DESCRIPCIÓN FÍSICA
Extensión 118 p. ;
Dimensiones 24 cm.
500 ## - NOTA GENERAL
Nota general Es la publicación Nº XLVI.
700 1# - ENTRADA AGREGADA--NOMBRE PERSONAL
Nombre de persona Loredo, Rafael.
9 (RLIN) 74089
852 ## - LOCALIZACIÓN
Ubicación ES-MaACL
Número de control de estantería 1885-F-15
Sublocalización o colección R.30545
Holdings
Estatus retirado Estado de pérdida Estado de daño No para préstamo Colección Biblioteca de origen Biblioteca actual Ubicación en estantería Fecha de adquisición Fuente de adquisición Total de préstamos Signatura topográfica completa Código de barras Visto por última vez Precio de reemplazo Tipo de ítem Koha
        Colección de folletos Biblioteca del Ateneo de Madrid Biblioteca del Ateneo de Madrid Depósito folletos 17/01/2008     1885-F-15 1036660 23/02/2023 23/02/2023 Folleto